Social psychology and management : issues for a changing society /

Introduction. Social psychology and management in a changing society. Individual performance at work: the problem of motivation. Groups, leadership and teams. Gender and diversity. Social psychology and technology. The rise of networked organizations and boundaryless careers.

Wedi'i Gadw mewn:
Manylion Llyfryddiaeth
Prif Awdur: Brotherton, Christopher J.
Fformat: Llyfr
Iaith:English
Cyhoeddwyd: Buckingham : Open University Press, 1999.
Pynciau:
Tagiau: Ychwanegu Tag
Dim Tagiau, Byddwch y cyntaf i dagio'r cofnod hwn!
Thư viện lưu trữ: Mạng thư viện Đại học Đà Nẵng
LEADER 01182cam a2200349 i 4500
001 000048015
003 7712
005 20030313085237.0
008 010323|1999 vm 000 eng
020 |a 0335198007 
040 |a IRC  |c IRC  |d IRC 
041 0 |a eng 
082 1 4 |a 302.35  |b BR-C 
100 1 |a Brotherton, Christopher J. 
245 0 0 |a Social psychology and management :  |b issues for a changing society /  |c Chris Brotherton. 
260 |a Buckingham :  |b Open University Press,  |c 1999. 
300 |a 206 p. ;  |c 23.5cm. 
520 3 |a Introduction. Social psychology and management in a changing society. Individual performance at work: the problem of motivation. Groups, leadership and teams. Gender and diversity. Social psychology and technology. The rise of networked organizations and boundaryless careers. 
630 0 4 |a Management. 
630 0 4 |a Social psychology. 
650 0 4 |a Management. 
650 0 4 |a Social psychology. 
OWN |a DUT 
999 |a From the UDN01 
TYP |a Monograph 
TYP |a Printed language 
980 |a Mạng thư viện Đại học Đà Nẵng